000
00324nam a2200133Ia 4500
005
20251222153549.0
008
251222s9999||||xx |||||||||||||| ||spa||
082
_a
331.11/H43
100
_a
Hernández, Zoila
245
0
_a
El Coraje de las Mineras
250
_a
1ra.ed.
264
_b
Asociación Aurora Vivar
942
_c
LIB
999
_c
30771
_d
30771